Saper na mapie powiatów Polski - Statystyki

Ogólne statystyki
  • Ten quiz został rozwiązany 40 razy
  • Średni wynik to 27 z 322
Odpowiedzi na mapie
Odpowiedzi zakodowano w zielono-czerwonej skali na mapie do tego quizu, zgodnie z poniższymi procentami.
 
Statystyki odpowiedzi
Województwo Powiat % Poprawnych
Mazowieckie Warszawa
48%
Łódzkie Łódź
37%
Małopolskie Kraków
33%
Pomorskie Gdańsk
30%
Wielkopolskie Poznań
30%
Warmińsko-mazurskie Olsztyn
26%
Podkarpackie Rzeszów
26%
Zachodniopomorskie Szczecin
26%
Dolnośląskie Wrocław
26%
Podlaskie Białystok
22%
Śląskie Katowice
22%
Świętokrzyskie Kielce
22%
Świętokrzyskie kielecki
22%
Opolskie Opole
22%
Kujawsko-pomorskie Bydgoszcz
19%
Śląskie kłobucki
19%
Lubuskie | Podkarpackie krośnieński
19%
Podkarpackie Krosno
19%
Łódzkie łódzki wschodni
19%
Lubelskie Lublin
19%
Lubelskie | Opolskie opolski
19%
Podkarpackie sanocki
19%
Kujawsko-pomorskie Toruń
19%
Lubuskie Zielona Góra
19%
Podkarpackie bieszczadzki
15%
Śląskie Częstochowa
15%
Śląskie częstochowski
15%
Lubuskie Gorzów Wielkopolski
15%
Kujawsko-pomorskie Grudziądz
15%
Podkarpackie jasielski
15%
Małopolskie krakowski
15%
Małopolskie myślenicki
15%
Małopolskie olkuski
15%
Łódzkie pabianicki
15%
Łódzkie piotrkowski
15%
Wielkopolskie poznański
15%
Podkarpackie Przemyśl
15%
Mazowieckie Radom
15%
Łódzkie skierniewicki
15%
Małopolskie Tarnów
15%
Dolnośląskie wrocławski
15%
Łódzkie zgierski
15%
Śląskie będziński
11%
Mazowieckie białobrzeski
11%
Podlaskie białostocki
11%
Lubelskie bialski
11%
Podlaskie | Śląskie bielski
11%
Śląskie bieruńsko-lędziński
11%
Małopolskie bocheński
11%
Łódzkie brzeziński
11%
Kujawsko-pomorskie bydgoski
11%
Śląskie gliwicki
11%
Lubuskie gorzowski
11%
Mazowieckie grójecki
11%
Śląskie Jaworzno
11%
Zachodniopomorskie Koszalin
11%
Zachodniopomorskie koszaliński
11%
Podkarpackie łańcucki
11%
Lubelskie łęczyński
11%
Podkarpackie leżajski
11%
Lubelskie lubartowski
11%
Lubelskie lubelski
11%
Śląskie lubliniecki
11%
Podkarpackie mielecki
11%
Śląskie myszkowski
11%
Małopolskie nowotarski
11%
Małopolskie Nowy Sącz
11%
Łódzkie opoczyński
11%
Lubelskie parczewski
11%
Łódzkie Piotrków Trybunalski
11%
Mazowieckie Płock
11%
Łódzkie poddębicki
11%
Podkarpackie przemyski
11%
Podkarpackie przeworski
11%
Lubelskie puławski
11%
Mazowieckie radomski
11%
Łódzkie radomszczański
11%
Łódzkie rawski
11%
Śląskie Rybnik
11%
Łódzkie Skierniewice
11%
Zachodniopomorskie Świnoujście
11%
Małopolskie tarnowski
11%
Lubelskie | Łódzkie tomaszowski
11%
Kujawsko-pomorskie toruński
11%
Pomorskie wejherowski
11%
Kujawsko-pomorskie Włocławek
11%
Lubelskie włodawski
11%
Lubelskie Zamość
11%
Śląskie zawierciański
11%
Śląskie Żory
11%
Śląskie Bielsko-Biała
7%
Kujawsko-pomorskie brodnicki
7%
Małopolskie | Opolskie brzeski
7%
Świętokrzyskie buski
7%
Śląskie Bytom
7%
Pomorskie bytowski
7%
Lubelskie Chełm
7%
Lubelskie chełmski
7%
Pomorskie chojnicki
7%
Małopolskie chrzanowski
7%
Śląskie Dąbrowa Górnicza
7%
Małopolskie dąbrowski
7%
Podkarpackie dębicki
7%
Pomorskie gdański
7%
Pomorskie Gdynia
7%
Śląskie Gliwice
7%
Wielkopolskie gnieźnieński
7%
Małopolskie gorlicki
7%
Kujawsko-pomorskie grudziądzki
7%
Podlaskie hajnowski
7%
Lubelskie hrubieszowski
7%
Lubelskie janowski
7%
Podkarpackie jarosławski
7%
Śląskie Jastrzębie-Zdrój
7%
Świętokrzyskie jędrzejowski
7%
Zachodniopomorskie kamieński
7%
Pomorskie kartuski
7%
Świętokrzyskie kazimierski
7%
Wielkopolskie kępiński
7%
Dolnośląskie kłodzki
7%
Podkarpackie kolbuszowski
7%
Wielkopolskie Konin
7%
Wielkopolskie koniński
7%
Mazowieckie kozienicki
7%
Lubelskie kraśnicki
7%
Łódzkie kutnowski
7%
Łódzkie łaski
7%
Pomorskie lęborski
7%
Łódzkie łęczycki
7%
Małopolskie limanowski
7%
Podlaskie Łomża
7%
Podlaskie łomżyński
7%
Mazowieckie łosicki
7%
Łódzkie łowicki
7%
Podkarpackie lubaczowski
7%
Małopolskie miechowski
7%
Śląskie mikołowski
7%
Śląskie Mysłowice
7%
Opolskie namysłowski
7%
Podkarpackie niżański
7%
Małopolskie nowosądecki
7%
Warmińsko-mazurskie olsztyński
7%
Świętokrzyskie opatowski
7%
Mazowieckie ostrołęcki
7%
Świętokrzyskie ostrowiecki
7%
Wielkopolskie ostrzeszowski
7%
Mazowieckie otwocki
7%
Łódzkie pajęczański
7%
Mazowieckie płocki
7%
Mazowieckie płoński
7%
Zachodniopomorskie policki
7%
Małopolskie proszowicki
7%
Mazowieckie przysuski
7%
Śląskie pszczyński
7%
Mazowieckie pułtuski
7%
Śląskie raciborski
7%
Lubelskie radzyński
7%
Podkarpackie ropczycko-sędziszowski
7%
Śląskie rybnicki
7%
Lubelskie rycki
7%
Świętokrzyskie sandomierski
7%
Mazowieckie Siedlce
7%
Mazowieckie siedlecki
7%
Świętokrzyskie skarżyski
7%
Zachodniopomorskie sławieński
7%
Pomorskie Słupsk
7%
Pomorskie słupski
7%
Mazowieckie sokołowski
7%
Śląskie Sosnowiec
7%
Podkarpackie stalowowolski
7%
Pomorskie starogardzki
7%
Świętokrzyskie staszowski
7%
Podkarpackie strzyżowski
7%
Dolnośląskie | Lubelskie świdnicki
7%
Zachodniopomorskie szczecinecki
7%
Podkarpackie tarnobrzeski
7%
Małopolskie tatrzański
7%
Śląskie Tychy
7%
Małopolskie wadowicki
7%
Dolnośląskie Wałbrzych
7%
Dolnośląskie wałbrzyski
7%
Mazowieckie węgrowski
7%
Kujawsko-pomorskie włocławski
7%
Świętokrzyskie włoszczowski
7%
Śląskie wodzisławski
7%
Mazowieckie wołomiński
7%
Mazowieckie wyszkowski
7%
Dolnośląskie ząbkowicki
7%
Lubelskie zamojski
7%
Łódzkie zduńskowolski
7%
Mazowieckie żyrardowski
7%
Śląskie żywiecki
7%
Kujawsko-pomorskie aleksandrowski
4%
Lubelskie Biała Podlaska
4%
Dolnośląskie bolesławiecki
4%
Warmińsko-mazurskie braniewski
4%
Śląskie Chorzów
4%
Zachodniopomorskie choszczeński
4%
Mazowieckie ciechanowski
4%
Wielkopolskie czarnkowsko-trzcianecki
4%
Zachodniopomorskie drawski
4%
Warmińsko-mazurskie działdowski
4%
Dolnośląskie dzierżoniowski
4%
Warmińsko-mazurskie Elbląg
4%
Warmińsko-mazurskie elbląski
4%
Warmińsko-mazurskie ełcki
4%
Warmińsko-mazurskie giżycki
4%
Dolnośląskie głogowski
4%
Warmińsko-mazurskie gołdapski
4%
Zachodniopomorskie goleniowski
4%
Kujawsko-pomorskie golubsko-dobrzyński
4%
Mazowieckie gostyniński
4%
Wielkopolskie gostyński
4%
Podlaskie grajewski
4%
Mazowieckie | Wielkopolskie grodziski
4%
Zachodniopomorskie gryficki
4%
Kujawsko-pomorskie inowrocławski
4%
Wielkopolskie jarociński
4%
Dolnośląskie jaworski
4%
Dolnośląskie Jelenia Góra
4%
Wielkopolskie kaliski
4%
Wielkopolskie Kalisz
4%
Dolnośląskie kamiennogórski
4%
Dolnośląskie karkonoski
4%
Opolskie kędzierzyńsko-kozielski
4%
Warmińsko-mazurskie kętrzyński
4%
Opolskie kluczborski
4%
Zachodniopomorskie kołobrzeski
4%
Wielkopolskie kościański
4%
Pomorskie kościerski
4%
Opolskie krapkowicki
4%
Wielkopolskie krotoszyński
4%
Pomorskie kwidzyński
4%
Mazowieckie legionowski
4%
Dolnośląskie Legnica
4%
Dolnośląskie legnicki
4%
Wielkopolskie leszczyński
4%
Wielkopolskie Leszno
4%
Warmińsko-mazurskie lidzbarski
4%
Kujawsko-pomorskie lipnowski
4%
Mazowieckie lipski
4%
Zachodniopomorskie łobeski
4%
Dolnośląskie lubiński
4%
Mazowieckie makowski
4%
Lubuskie międzyrzecki
4%
Podlaskie moniecki
4%
Warmińsko-mazurskie mrągowski
4%
Zachodniopomorskie myśliborski
4%
Kujawsko-pomorskie nakielski
4%
Warmińsko-mazurskie nidzicki
4%
Mazowieckie | Pomorskie nowodworski
4%
Warmińsko-mazurskie nowomiejski
4%
Wielkopolskie nowotomyski
4%
Opolskie nyski
4%
Wielkopolskie obornicki
4%
Dolnośląskie oławski
4%
Warmińsko-mazurskie olecki
4%
Dolnośląskie oleśnicki
4%
Warmińsko-mazurskie ostródzki
4%
Mazowieckie Ostrołęka
4%
Mazowieckie | Wielkopolskie ostrowski
4%
Mazowieckie piaseczyński
4%
Wielkopolskie pilski
4%
Warmińsko-mazurskie piski
4%
Wielkopolskie pleszewski
4%
Dolnośląskie polkowicki
4%
Opolskie prudnicki
4%
Mazowieckie pruszkowski
4%
Mazowieckie przasnyski
4%
Zachodniopomorskie pyrzycki
4%
Kujawsko-pomorskie radziejowski
4%
Podlaskie sejneński
4%
Kujawsko-pomorskie sępoleński
4%
Śląskie Siemianowice Śląskie
4%
Mazowieckie sierpecki
4%
Lubuskie słubicki
4%
Podlaskie sokólski
4%
Dolnośląskie | Wielkopolskie średzki
4%
Wielkopolskie śremski
4%
Zachodniopomorskie stargardzki
4%
Opolskie strzelecki
4%
Lubuskie strzelecko-drezdenecki
4%
Podlaskie Suwałki
4%
Podlaskie suwalski
4%
Lubuskie świebodziński
4%
Śląskie Świętochłowice
4%
Pomorskie sztumski
4%
Mazowieckie szydłowiecki
4%
Śląskie tarnogórski
4%
Pomorskie tczewski
4%
Dolnośląskie trzebnicki
4%
Kujawsko-pomorskie tucholski
4%
Wielkopolskie turecki
4%
Kujawsko-pomorskie wąbrzeski
4%
Wielkopolskie wągrowiecki
4%
Zachodniopomorskie wałecki
4%
Warmińsko-mazurskie węgorzewski
4%
Łódzkie wieluński
4%
Dolnośląskie wołowski
4%
Wielkopolskie wolsztyński
4%
Wielkopolskie wrzesiński
4%
Lubuskie wschowski
4%
Podlaskie wysokomazowiecki
4%
Śląskie Zabrze
4%
Lubuskie żagański
4%
Dolnośląskie zgorzelecki
4%
Lubuskie zielonogórski
4%
Dolnośląskie złotoryjski
4%
Wielkopolskie złotowski
4%
Kujawsko-pomorskie żniński
4%
Mazowieckie żuromiński
4%
Mazowieckie zwoleński
4%
Nie znaleziono quizów pasujących do podanych kryteriów
Rozkład punktacji
Procent ludzi z każdym wynikiem
Percentyl według liczby udzielonych odpowiedzi
Twoja historia wyników
Nie rozwiązałeś tego quizu